书目信息 |
| 题名: |
海洋问题时评
|
|
| 作者: | 金永明 著 | |
| 分册: | 第1辑 | |
| 出版信息: | 北京 中央编译出版社 2015 |
|
| 页数: | 272页 | |
| 开本: | 24cm | |
| 丛书名: | ||
| 单 册: | ||
| 中图分类: | D993.5-53 | |
| 科图分类: | ||
| 主题词: | 海洋法--Hai Yang Fa--中国--文集 | |
| 电子资源: | ||
| ISBN: | 978-7-5117-2670-4 | |
| 000 | 00613nam0 22002171 450 | |
| 001 | 349900 | |
| 005 | 20161009083140.31 | |
| 010 | @a978-7-5117-2670-4@dCNY58.00 | |
| 100 | @a20160321d2015 ekmy0chiy50 ea | |
| 101 | 0 | @achi |
| 102 | @aCN@b110000 | |
| 105 | @ay z 000yy | |
| 106 | @ar | |
| 200 | 1 | @a海洋问题时评@AHai Yang Wen Ti Shi Ping@h第1辑@f金永明著 |
| 210 | @a北京@c中央编译出版社@d2015 | |
| 215 | @a272页@d24cm | |
| 606 | 0 | @a海洋法@AHai Yang Fa@y中国@j文集 |
| 690 | @aD993.5-53@v5 | |
| 701 | 0 | @a金永明@AJin Yong Ming@4著 |
| 801 | 0 | @aCN@bTANGWEI@20160802 |
| 905 | @b0887325-9@dD993.5-53@e142:1@f5 | |
| 海洋问题时评.第1辑/金永明著.-北京:中央编译出版社,2015 |
| 272页;24cm |
| ISBN 978-7-5117-2670-4:CNY58.00 |
| ● |
| 相关链接 |
|
|
|
|
正题名:海洋问题时评
索取号:D993.5-53/142:1
 
预约/预借
| 序号 | 登录号 | 条形码 | 馆藏地/架位号 | 状态 | 备注 |
| 1 | 0887325 | 208873254 | 第一样本阅览室/ [索取号:D993.5-53/142:1] | 在馆 | |
| 2 | 0887326 | 208873263 | 第一借阅区/ [索取号:D993.5-53/142:1] | 在馆 | |
| 3 | 0887327 | 208873272 | 第一借阅区/ [索取号:D993.5-53/142:1] | 在馆 | |
| 4 | 0887328 | 208873281 | 第一借阅区/ [索取号:D993.5-53/142:1] | 在馆 | |
| 5 | 0887329 | 208873290 | 密集书库-海洋学院/ [索取号:D993.5-53/142:1] | 在馆 |